LEADER 01110nam0-2200337---450- 001 990008342640403321 005 20060615102919.0 010 $a88-323-6033-X 035 $a000834264 035 $aFED01000834264 035 $a(Aleph)000834264FED01 035 $a000834264 100 $a20060612d2005----km-y0itay50------ba 101 0 $aita 102 $aIT 105 $ay-------001yy 200 1 $a<>archivio storico dell' Università degli studi di Milano$einventario$fa cura di Stefano Twardzik 210 $aMilano$cCisalpino$d2005 215 $aXIX, 279 p.$d24 cm 225 1 $aQuaderni di Acme$v69 300 $aIn testa al front.: Università degli studi di Milano, Facoltà di Lettere e Filosofia 610 0 $aMilano$aUniversità degli studi$aArchivio$aInventari 676 $a025.82$v21$zita 702 1$aTwardzik,$bStefano 801 0$aIT$bUNINA$c20060609$gRICA$2UNIMARC 901 $aBK 912 $a990008342640403321 952 $a025.82 UNIMI 1$bBibl. 53718$fFLFBC 959 $aFLFBC 996 $aArchivio storico dell' Università degli studi di Milano$9720892 997 $aUNINA LEADER 01601nlm0 22004571i 450 001 990009252540403321 010 $a9783540356363 035 $a000925254 035 $aFED01000925254 035 $a(Aleph)000925254FED01 035 $a000925254 100 $a20100926d2006----km-y0itay50------ba 101 0 $aeng 102 $aDE 135 $adrnn-008mamaa 200 1 $aAlgebraic Methodology and Software Technology$bRisorsa elettronica$e11th International Conference, AMAST 2006, Kuressaare, Estonia, July 5-8, 2006. Proceedings$fedited by Michael Johnson, Varmo Vene 210 $aBerlin ; Heidelberg$cSpringer$d2006 225 1 $aLecture Notes in Computer Science$x0302-9743$v4019 230 $aDocumento elettronico 336 $aTesto 337 $aFormato html, pdf 702 1$aJohnson,$bMichael 702 1$aVene,$bVarmo 801 0$aIT$bUNINA$gREICAT$2UNIMARC 856 4 $zFull text per gli utenti Federico II$uhttp://dx.doi.org/10.1007/11784180 901 $aEB 912 $a990009252540403321 961 $aAlgebra$aData processing 961 $aArtificial intelligence 961 $aArtificial Intelligence (incl. Robotics) 961 $aComputer science 961 $aComputer Science 961 $aLogic design 961 $aLogics and Meanings of Programs 961 $aMathematical Logic and Formal Languages 961 $aProgramming Techniques 961 $aSoftware engineering 961 $aSoftware Engineering 961 $aSymbolic and Algebraic Manipulation 996 $aAlgebraic Methodology and Software Technology$9774301 997 $aUNINA LEADER 00960nam a2200277 i 4500 001 991001098669707536 005 20020507111238.0 008 970308s1962 us ||| | eng 035 $ab10173420-39ule_inst 035 $aLE00642127$9ExL 040 $aDip.to Fisica$bita 084 $a1:5 084 $a52.9.3 084 $a629.19 100 1 $aZwicky, F.$0461257 245 10$aMorphology of propulsive power /$cF. Zwicky 260 $aPasadena, CA :$bSociety for Morphological Research,$c1962 300 $aiii, 382 p. :$bill. ;$c23 cm. 490 0 $aMonographs on morphological research ;$v1 650 4$aMorphological research 907 $a.b10173420$b17-02-17$c27-06-02 912 $a991001098669707536 945 $aLE006 52.9.3 ZWI$g1$i2006000025386$lle006$o-$pE0.00$q-$rl$s- $t0$u0$v0$w0$x0$y.i10212541$z27-06-02 996 $aMorphology of propulsive power$9189650 997 $aUNISALENTO 998 $ale006$b01-01-97$cm$da $e-$feng$gus $h0$i1